000 00779nam a22002055i 4500
001 158512
003 ES-MaACL
005 20231226211332.0
008 940202s1895 sp |||| | spa d
040 _aAR
_bspa
100 1 _aMahaffy D.D., Juan P.
_9129353
245 1 0 _aHistoria del imperio de Alejandro /
_cJuan P. Mahaffy D.D. ; versión española por Manuel José Quintana.
260 _aMadrid :
_bEl progreso editorial,
_c1895.
300 _aXX, 367 p., [9] h. de lam. :
_bil. ;
_c22 cm.
490 1 _aHistoria de las naciones
700 1 _aQuintana, Manuel José,
_d1772-1857
_994670
830 0 _aHistoria de las naciones
_9182232
852 _aES-MaACL
_jC-3264
_z-- Enc. ed. en tela verde con planchas en beige y dorado : "P. Carcedo"
999 _c158512
_d158512